Представление документа в формате RUSMARC

ПолеНазваниеЗначение
  Тип записи a
  Библиографический уровень m
001 Контрольный номер RU/УОНБ/EK_N/428254117
005 Дата корректировки 20240130235512.0
010 Индекс ISBN __
9 Тираж 19000 экз.
013 Номер (ISMN) __
d Цена 50 к.
071 Издательские номер (звукозапись и ноты) 21
a Номер, присвоенный агентством 8566
100 Данные общей обработки __
a Данные общей обработки 20130723d1989 u y0rusy0189||||ca
101 Язык документа 0_
a Язык текста rus
f Язык титульного листа rus
102 Страна публикации __
a Страна публикации RU
105 Кодированные данные (монография) __
a Кодированные данные (монография) y###||||000|y
125 Кодированные данные звукозаписи и нотных изданий __
a Форма изложения нотного текста с|
128 Кодированные данные (звукозаписи-физические характеристики) __
a Кодированные данные: Музыкальная форма и тональность или лад zz
c Инструменты или голоса, рекомендуемые для солистов (устаревшее) kt||
200 Заглавие и сведения об ответственности 1_
a Заглавие Вып. 31
f Первые сведения об ответственности сост. М. Цыбулин
210 Выходные данные 1_
d Дата издания 1989
215 Физическое описание __
a Объем 30 c.
327 Примечание о содержании 11
a Примечание о содержании Содерж. : Пахмутова А. Улица мира. - Гедике А. Плясовая. - Лонгшамп-Друшкевичова К. Марш дошкольников. - Шейко Н. Балалаечка играет. - Паулс Р. Исчезли солнечные дни. - Антонов Ю. Белый теплоход. - Шаинский В. Ужасно интересно все то, что неизвестно. - Гладков Г. Песня друзей : из мультфильма "Бременские музыканты". - Бухвостов В. Размышление. - Мотов В. Там, за горами, солнышко всходит. - Левкодимов Г. Медведь. - Гвоздев В. Медленный вальс. - Цыбулин М. Веселая игра. - Савелов В. Первый вальс. - Грибков Ю. Грустный мотив. - Бушуев Ф. Озорная полечка. - Калинников В. Колыбельная. - Варламов А. Песня. - Скрябин А. Экспромт. - Гулак-Артемовский С. Дуэт Оксаны и Андрея : из оперы "Запорожец за Дунаем". - Гурлит К. Песня без слов. - Финдейзен Н. Старинный танец. - Бетховен Л. Романс. - Моцарт В. Немецкий танец. - Бер Ф. Испанская песенка. - Сад : рус. нар. песня. - У каждого свой музыкальный инструмент : эстон. нар. песня. - Качуча : исп. нар. танец. - Мой зеленый друг : амер. нар. песня.
461 Уровень набора _0
1 001RU/УОНБ/EK_N/426262497
1 200
a Альбом начинающего аккордеониста
b [Ноты]
v Вып. 31
1 210
a М.
c Советский композитор
d 1989
464 Аналитический уровень _0
1 2001
a Улица мира
1 700 1
a Пахмутова
b А.
4 230
464 Аналитический уровень _0
1 2001
a Плясовая
1 700 1
a Гедике
b А.
4 230
464 Аналитический уровень _0
1 2001
a Марш дошкольников
1 700 1
a Лонгшамп-Друшкевичова
b К.
4 230
464 Аналитический уровень _0
1 2001
a Балалаечка играет
1 700 1
a Шейко
b Н.
4 230
464 Аналитический уровень _0
1 2001
a Исчезли солнечные дни
1 700 1
a Паулс
b Р.
4 230
464 Аналитический уровень _0
1 2001
a Белый теплоход
1 700 1
a Антонов
b Ю.
4 230
464 Аналитический уровень _0
1 2001
a Ужасно интересно все то, что неизвестно
1 700 1
a Шаинский
b В.
4 230
464 Аналитический уровень _0
1 2001
a Песня друзей
e из мультфильма "Бременские музыканты"
1 700 1
a Гладков
b Г.
4 230
1 50010
a Бременские музыканты
464 Аналитический уровень _0
1 2001
a Размышление
1 700 1
a Бухвостов
b В.
4 230
464 Аналитический уровень _0
1 2001
a Там, за горами, солнышко всходит
1 700 1
a Мотов
b В.
4 230
464 Аналитический уровень _0
1 2001
a Медведь
1 700 1
a Левкодимов
b Г.
4 230
464 Аналитический уровень _0
1 2001
a Медленный вальс
1 700 1
a Гвоздев
b В.
4 230
464 Аналитический уровень _0
1 2001
a Веселая игра
1 700 1
a Цыбулин
b М.
4 230
464 Аналитический уровень _0
1 2001
a Первый вальс
1 700 1
a Савелов
b В.
4 230
464 Аналитический уровень _0
1 2001
a Грустный мотив
1 700 1
a Грибков
b Ю.
4 230
464 Аналитический уровень _0
1 2001
a Озорная полечка
1 700 1
a Бушуев
b Ф.
4 230
464 Аналитический уровень _0
1 2001
a Колыбельная
1 700 1
a Калинников
b В.
4 230
464 Аналитический уровень _0
1 2001
a Песня
1 700 1
a Варламов
b А.
4 230
464 Аналитический уровень _0
1 2001
a Экспромт
1 700 1
a Скрябин
b А.
4 230
464 Аналитический уровень _0
1 2001
a Дуэт Оксаны и Андрея
e из оперы "Запорожец за Дунаем"
1 700 1
a Гулак-Артемовский
b С.
4 230
1 50010
a Запорожец за Дунаем
464 Аналитический уровень _0
1 2001
a Песня без слов
1 700 1
a Гурлит
b К.
4 230
464 Аналитический уровень _0
1 2001
a Старинный танец
1 700 1
a Финдейзен
b Н.
4 230
464 Аналитический уровень _0
1 2001
a Романс
1 700 1
a Бетховен
b Л.
4 230
464 Аналитический уровень _0
1 2001
a Немецкий танец
1 700 1
a Моцарт
b В.
4 230
464 Аналитический уровень _0
1 2001
a Испанская песенка
1 700 1
a Бер
b Ф.
4 230
464 Аналитический уровень _0
1 2001
a Сад
e рус. нар. песня
464 Аналитический уровень _0
1 2001
a У каждого свой музыкальный инструмент
e эстон. нар. песня
464 Аналитический уровень _0
1 2001
a Качуча
e исп. нар. танец
464 Аналитический уровень _0
1 2001
a Мой зеленый друг
e амер. нар. песня
512 Заглавие обложки 1_
a Заглавие обложки Альбом начинающего аккордеониста
606 Тематические рубрики 0_
a Основная рубрика Аккордеон
610 Ключевые слова 0_
a Ключевые слова аккордеон
686 Индексы других классификаций __
a Классификационный индекс 85.954.7я43
2 Код системы rubbk
702 Вторичная интеллектуальная ответственность _1
a Фамилия Цыбулин
b Имя (инициалы) М.
4 Код отношения 220
801 Источник записи _0
a Страна RU
b Организация Ульяновская ОНБ
c Дата составления 20130723
g Правила каталогизации RCR
801 Источник записи _1
a Страна RU
b Организация Ульяновская ОНБ
c Дата составления 20130723
g Правила каталогизации RCR
901 Тип документа __
t Тип документа n
w Контрольный № источника RU/УОНБ/EK_N/426262497
909 Создатель записи __
a Создатель записи Лобина Л. И.
938 Служебная информация __
a Имя БД noti
b Имя библиотеки УОНБ
c Имя АИБС МАРК-SQL
d Номер DOC_ID в БД 11599